| 000 | 00609nam a2200205 a 4500 | ||
|---|---|---|---|
| 005 | 20210219152909.0 | ||
| 008 | 991125n 000 0 spa u | ||
| 035 | _aUPN01000066149 | ||
| 100 | 1 | _aBartolomé Martínez, Bernabé | |
| 222 | _aREVISTA DE EDUCACION | ||
| 245 | _aLas bibliotecas públicas provinciales : 1835-1885 : un intento de promoción de la lectura en España | ||
| 300 | _a271-304 | ||
| 362 | 0 | _a1989 No. 288 ene.-abr. | |
| 653 | 0 | _aBIBLIOTECAS PUBLICAS | |
| 653 | 0 | _aESPAÑA | |
| 653 | 0 | _aFOMENTO A LA LECTURA | |
| 653 | 0 | _aHISTORIA | |
| 904 |
_aAC _b003960 |
||
| 905 | _aArticulo | ||
| 999 |
_c63329 _d63329 |
||